College Quizbowl Stats
College Quizbowl Stats
Circuits
Seasons
Sets
Records
Detailed Stats
About
Loading...
2023 BHSU @ Yale
Tossups
Bonuses
Players
Teams
Categories (Tossup)
Categories (Bonus)
Jordan Davidsen
Olmo (Bonus) Bagelry
Categories
Category
Powers
Gets
Negs
BBs
Points
Earliest Buzz
Avg. Buzz
First Buzzes
Top 3 Buzzes
Other - Geo/CE
0
1
0
1
10
131
131.00
0
0
Science - Physics
0
1
0
1
10
136
136.00
0
0
Other - Pop Culture
0
0
0
0
0
0.00
0
0
Literature - American Lit
0
0
2
0
-10
0.00
0
0
Buzzes
Category
Answer
Value
Buzz Position
Literature - American Lit
Johnson
-5
36
Literature - American Lit
Stephen Crane
-5
104
Other - Geo/CE
Marcos family
10
131
Science - Physics
Liouville's theorem
10
136
Other - Pop Culture
Midgar
0
146
Previous
1
Next